| 000 | 00789nam a2200157 a 4500 | ||
|---|---|---|---|
| 008 | 120416s0000 ||||||||||||||||| || u | ||
| 020 | _a8120314980 | ||
| 050 | _aQA 312 Bas | ||
| 100 | _aBasu, A. K | ||
| 245 | 1 | 0 | _aMeasure theory and probability |
| 260 |
_aNew Delhi _bFT Prentice-Hall _c1999 |
||
| 350 | _a0.00 | ||
| 995 |
_aMAIN LIBRARY OPEN ACCESS _D0.00 _e733202 _FCBU-MAIN LIBRARY (Kitwe) _H3 _I20.00 _jQA 312 Bas _M3 _UAVAILABLE _y44539 _ZMain Library Open Access Collection |
||
| 995 |
_aANNEX COLLECTION (Main Library) _D0.00 _e733204 _FCBU-MAIN LIBRARY (Kitwe) _H1 _I20.00 _jQA 312 Bas _M1 _UAVAILABLE _y44537 _ZAnnex Low-Usage Collection |
||
| 995 |
_aMAIN LIBRARY OPEN ACCESS _D0.00 _e733203 _FCBU-MAIN LIBRARY (Kitwe) _H2 _I20.00 _jQA 312 Bas _M2 _UAVAILABLE _y44542 _ZMain Library Open Access Collection |
||
| 999 |
_c82801 _d82801 |
||